000 00276nam a22001097a 4500
082 _a604.2 HAL'P
100 _aHALE, E. M,HILL, CARY L,MCGINNIS, HARRY
_978172
245 _aINTRODUCTION TO APPLIED DRAWING
260 _aILLINOIS
_bMCKNIGHT
_c1962
300 _a87P
942 _cBK
999 _c583334
_d583334